Radim Hanke : bílý stín tvaru : Zlínský zámek o.p.s., Galerie Václava Chada ve Zlíně /

Main Author: Hanke, Radim, 1963-
Corporate Author: Galerie Václava Chada (Zlín, Česko)
Other Authors: Pyšná, Pavlína, 1978-
Language: Czech
English
Published: Zlín : Zlínský zámek o.p.s., 2018
Edition: První vydání
Physical Description: 8 nečíslovaných stran : barevné ilustrace ; 21 cm
Language note: Souběžný anglický text
Book
Saved in:
LEADER 01993nam a2200505 i 4500
001 nkc20183000480
003 CZ PrNK
005 20180710104758.0
007 ta
008 180604s2018 xr a e c 000 0 cze
020 |a 978-80-907038-5-8  |q (skládanka) 
040 |a BOA001  |b cze  |e rda 
041 1 |a cze  |a eng  |h cze 
043 |a e-xr--- 
045 |a y-y- 
072 7 |a 73  |x Sochařství, keramika, porcelán, umělecké zpracování kovů  |2 Konspekt  |9 21 
080 |a 730(437.3)  |2 MRF 
080 |a 730.036/.038  |2 MRF 
080 |a (437.3)  |2 MRF 
080 |a (083.824)  |2 MRF 
100 1 |a Hanke, Radim,  |d 1963-  |7 ola200203152  |4 art 
245 1 0 |a Radim Hanke :  |b bílý stín tvaru : Zlínský zámek o.p.s., Galerie Václava Chada ve Zlíně /  |c text: Pavlína Pyšná 
246 3 0 |a Bílý stín tvaru 
250 |a První vydání 
264 1 |a Zlín :  |b Zlínský zámek o.p.s.,  |c 2018 
300 |a 8 nečíslovaných stran :  |b barevné ilustrace ;  |c 21 cm 
336 |a text  |b txt  |2 rdacontent 
336 |a statický obraz  |b sti  |2 rdacontent 
337 |a bez média  |b n  |2 rdamedia 
338 |a svazek  |b nc  |2 rdacarrier 
500 |a "Katalog vydal Zlínský zámek o.p.s., Galerie Václava Chada ve Zlíně v roce 2018 k výstavě Radim Hanke, Bílý stín tvaru, 24.5.-26.8.2018"--Tiráž 
500 |a 250 výtisků 
546 |a Souběžný anglický text 
600 1 7 |a Hanke, Radim,  |d 1963-  |7 ola200203152  |2 czenas 
648 7 |a 21. století  |7 ch460559  |2 czenas 
650 0 7 |a české sochařství  |7 ph128152  |y 21. století  |2 czenas 
650 0 7 |a moderní sochařství  |7 ph122941  |z Česko  |2 czenas 
655 7 |a katalogy výstav  |7 fd132536  |2 czenas 
700 1 |a Pyšná, Pavlína,  |d 1978-  |7 mzk2006331532  |4 wfw 
710 2 |a Galerie Václava Chada (Zlín, Česko)  |7 mzk2015890378  |4 orm 
910 2 |a BOA001  |b 2-1409.697 
990 |a BK 
995 |a 61 
991 |b 201806  |c NOV 
996 6 |b 2610745357  |c 2-1409.697  |l MZK  |r Sklad / do 1 hodiny  |n 0  |p p.v.  |w 001668119  |u 000010  |a 1  |e BOA001  |j MZK50  |s P